श्रीज्ञानेश्र्वरी - गूढार्थदीपिका.( खंड 1 ला.) (Record no. 337277)

MARC details
000 -LEADER
fixed length control field 00789nam a2200169Ia 4500
008 - FIXED-LENGTH DATA ELEMENTS--GENERAL INFORMATION
fixed length control field 090711s9999 xx 000 0 und d
082 ## - DEWEY DECIMAL CLASSIFICATION NUMBER
Item number 294
100 ## - MAIN ENTRY--PERSONAL NAME
Personal name बाबाजीमहाराज
245 ## - TITLE STATEMENT
Title श्रीज्ञानेश्र्वरी - गूढार्थदीपिका.( खंड 1 ला.)
260 ## - PUBLICATION, DISTRIBUTION, ETC. (IMPRINT)
Name of publisher, distributor, etc उद्यम प्रकाशन
Date of publication, distribution, etc 1960
300 ## - PHYSICAL DESCRIPTION
Extent 428
600 ## - SUBJECT ADDED ENTRY--PERSONAL NAME
Personal name बाबाजीमहाराज
630 ## - SUBJECT ADDED ENTRY--UNIFORM TITLE
Uniform title श्रीज्ञानेश्र्वरी - गूढार्थदीपिका.( खंड 1 ला.)
700 ## - ADDED ENTRY--PERSONAL NAME
Personal name बाबाजीमहाराज
730 ## - ADDED ENTRY--UNIFORM TITLE
Uniform title श्रीज्ञानेश्र्वरी - गूढार्थदीपिका.( खंड 1 ला.)
942 ## - ADDED ENTRY ELEMENTS (KOHA)
Koha item type Book

No items available.